[Event "Titled Tuesday intern op 27th Jun Late"]
[Site "Chess.com INT"]
[Date "2023.06.27"]
[Round "3"]
[White "Kohler, Aran"]
[Black "McCormick, Cale Michael"]
[Result "0-1"]
[WhiteElo "2010"]
[BlackElo "2077"]
[PlyCount "82"]
[EventDate "2023.06.27"]
[EventType "swiss (blitz)"]
[EventRounds "11"]
[EventCountry "USA"]
[SourceTitle "EXT 2024"]
[Source "ChessBase"]
[SourceDate "2023.10.10"]
[SourceVersion "1"]
[SourceVersionDate "2023.10.10"]
[SourceQuality "1"]

1. d4 e6 2. c3 d5 3. h4 c5 4. Bg5 Qb6 5. Qb3 cxd4 6. Qxb6 axb6 7. cxd4 Nc6 8. e3 Nb4 9. Kd2 Rxa2 10. Rxa2 Nxa2 11. Bb5+ Bd7 12. Bxd7+ Kxd7 13. Nc3 Bb4 14. Nge2 Nf6 15. Bxf6 gxf6 16. Ra1 Nxc3 17. bxc3 Ba5 18. Rb1 Rc8 19. Kd3 Rc4 20. e4 Kc6 21. exd5+ exd5 22. Rb3 Ra4 23. Nf4 Ra2 24. Ne2 b5 25. g4 Ra1 26. f4 Rh1 27. h5 Rh4 28. Ke3 Rxg4 29. Kf3 Rh4 30. Ng3 Bc7 31. Ne2 Rxh5 32. Rb1 Rh3+ 33. Kg2 Rd3 34. Kh1 Re3 35. Rb2 Rf3 36. Kg2 Rd3 37. Rb1 h5 38. Rh1 Ba5 39. Rxh5 Bxc3 40. Rf5 Bxd4 41. Rxf6+ Bxf6 0-1

[Event "Titled Tuesday intern op 27th Jun Late"]
[Site "Chess.com INT"]
[Date "2023.06.27"]
[Round "4"]
[White "McCormick, Cale Michael"]
[Black "Martine, Jean Christophe"]
[Result "0-1"]
[WhiteElo "2077"]
[BlackElo "2008"]
[PlyCount "148"]
[EventDate "2023.06.27"]
[EventType "swiss (blitz)"]
[EventRounds "11"]
[EventCountry "USA"]
[SourceTitle "EXT 2024"]
[Source "ChessBase"]
[SourceDate "2023.10.10"]
[SourceVersion "1"]
[SourceVersionDate "2023.10.10"]
[SourceQuality "1"]

1. d4 e5 2. c4 d6 3. Nf3 Bg4 4. dxe5 Nc6 5. Bg5 Qd7 6. Nc3 h6 7. Bh4 dxe5 8. Qxd7+ Bxd7 9. Nb5 Rc8 10. 0-0-0 a6 11. Nc3 Nge7 12. e3 Be6 13. Nd5 f6 14. Bd3 Kf7 15. Bb1 g5 16. Bg3 Bg7 17. h4 g4 18. Ng1 h5 19. Ne2 Rhd8 20. Nec3 Nf5 21. Bh2 Nd6 22. b3 Ne7 23. Nxe7 Kxe7 24. Bg6 Bf7 25. Nd5+ Kf8 26. Bb1 b5 27. c5 Nb7 28. c6 Nc5 29. Nc3 Be8 30. b4 Na4 31. Nxa4 bxa4 32. Be4 Ke7 33. a3 Rxd1+ 34. Rxd1 Rd8 35. Rxd8 Kxd8 36. f4 Ke7 37. fxe5 fxe5 38. Bd3 Bxc6 39. Bxa6 Bxg2 40. Bb5 Bh6 41. Kd2 Bd5 42. Bxa4 Kd6 43. Bd1 c5 44. Kd3 cxb4 45. axb4 Kc6 46. e4 Be6 47. Ba4+ Kb6 48. Be8 Bf4 49. Bxh5 Bxh2 50. Bg6 Bf4 51. h5 g3 52. Ke2 Bg4+ 53. Kf1 Bf3 54. Bf5 Kb5 55. h6 Bxh6 56. Bd7+ Kxb4 57. Bf5 Kc4 58. Kg1 Kd4 59. Kf1 Bf4 60. Bh3 Ke3 61. Bg2 Be2+ 62. Ke1 Bf3 63. Bf1 Bxe4 64. Be2 Bf3 65. Bf1 g2 66. Bxg2 Bxg2 67. Kd1 Bf3+ 68. Ke1 Bg3+ 69. Kf1 e4 70. Kg1 Kf4 71. Kf1 e3 72. Kg1 Ke4 73. Kf1 e2+ 74. Kg1 e1Q# 0-1